Jetpunk GeoGuessr - Statistics

General Stats
  • This quiz has been taken 70 times
  • The average score is 8 of 12
Answer Stats
Picture Answer % Correct
Netherlands
89%
Greece
83%
United States
81%
China
78%
Italy
78%
Japan
77%
Singapore
75%
United Kingdom
75%
France
73%
Egypt
61%
Portugal
39%
Sweden
39%
No matching quizzes found
Score Distribution
Percent of People with Each Score
Percentile by Number Answered
Your Score History
You have not taken this quiz